00468nam a22001337a 4500082001800000100003100018245002300049260003900072300001100111942000700122952009400129952009400223999001700317 a297.297 bDIL aDilawari Abul Qasmi Rafeeq aAaima - I- Talbees aDeobandbFaisal Publicationsc1997 a448 P. cBK 00104070aHMIbHMIcGENd2018-06-01l0o297.297 DILp19474r2018-06-01w2018-06-01yBK 00104070aHMIbHMIcGENd2018-06-01l0o297.297 DILp19473r2018-06-01w2018-06-01yBK c21082d21082